<?xml version="1.0" encoding="UTF-8"?><?xml-stylesheet type="text/xsl" href="static/style.xsl"?><OAI-PMH xmlns="http://www.openarchives.org/OAI/2.0/" xmlns:xsi="http://www.w3.org/2001/XMLSchema-instance" xsi:schemaLocation="http://www.openarchives.org/OAI/2.0/ http://www.openarchives.org/OAI/2.0/OAI-PMH.xsd"><responseDate>2026-04-29T12:25:17Z</responseDate><request verb="GetRecord" identifier="oai:repisalud.isciii.es:20.500.12105/11837" metadataPrefix="marc">https://repisalud.isciii.es/rest/oai/request</request><GetRecord><record><header><identifier>oai:repisalud.isciii.es:20.500.12105/11837</identifier><datestamp>2025-06-11T09:04:00Z</datestamp><setSpec>com_20.500.12105_8139</setSpec><setSpec>com_20.500.12105_5570</setSpec><setSpec>com_20.500.12105_2404</setSpec><setSpec>com_20.500.12105_2403</setSpec><setSpec>col_20.500.12105_8159</setSpec></header><metadata><record xmlns="http://www.loc.gov/MARC21/slim" xmlns:dcterms="http://purl.org/dc/terms/" xmlns:doc="http://www.lyncode.com/xoai" xmlns:xsi="http://www.w3.org/2001/XMLSchema-instance" xsi:schemaLocation="http://www.loc.gov/MARC21/slim http://www.loc.gov/standards/marcxml/schema/MARC21slim.xsd">
   <leader>00925njm 22002777a 4500</leader>
   <datafield ind2=" " ind1=" " tag="042">
      <subfield code="a">dc</subfield>
   </datafield>
   <datafield ind2=" " ind1=" " tag="720">
      <subfield code="a">Gadea, Rafael</subfield>
      <subfield code="e">author</subfield>
   </datafield>
   <datafield ind2=" " ind1=" " tag="720">
      <subfield code="a">Mundemurra, Laura</subfield>
      <subfield code="e">author</subfield>
   </datafield>
   <datafield ind2=" " ind1=" " tag="720">
      <subfield code="a">Santos, Tatiana</subfield>
      <subfield code="e">author</subfield>
   </datafield>
   <datafield ind2=" " ind1=" " tag="720">
      <subfield code="a">Jiménez, Ruth</subfield>
      <subfield code="e">author</subfield>
   </datafield>
   <datafield ind2=" " ind1=" " tag="720">
      <subfield code="a">Garcia, Ana</subfield>
      <subfield code="e">author</subfield>
   </datafield>
   <datafield ind2=" " ind1=" " tag="260">
      <subfield code="c">2009-03</subfield>
   </datafield>
   <datafield ind2=" " ind1=" " tag="520">
      <subfield code="a">[ES] Introducción: Los disruptores endocrinos son sustancias químicas que pueden alterar el sistema hormonal. Estas sustancias se utilizan en distintos procesos de la industria del textil-confección. Objetivos: Identificar las sustancias con efectos de disrupción endocrina utilizados en la industria del textil y la confección en España para prevenir la exposición de los trabajadores a estas sustancias. Material y métodos: En el estudio participaron 65 empresas de siete comunidades autónomas, seleccionadas mediante acuerdo entre las organizaciones empresariales y sindicales del sector. Técnicos de salud laboral de las federaciones sindicales visitaron las empresas participantes y recogieron información sobre los productos químicos utilizados mediante observación de etiquetas y fichas de datos de seguridad y mediante entrevistas con técnicos de prevención, trabajadores designados, delegados de prevención y trabajadores utilizando cuestionarios estandarizados. Resultados: Las empresas participantes cubren un amplio rango de actividades propias del sector, siendo la mayoría de ellas de tamaño medio (entre 51 y 250 trabajadores, n=39). Se identificaron diecisiete sustancias diferentes con efectos de disrupción endocrina utilizadas en distintos puestos de trabajo, incluyendo preparación de fibras y tejidos, lavado, tintado o acabado textil, entre otros. Conclusiones: Serían necesarios estudios que permitieran cuantificar el nivel de exposición en los puestos identificados para priorizar las medidas preventivas necesarias. [EN] Introduction: Endocrine disruptors are chemicals which can affect hormonal system in human beings. These substances are used in several processes in the textile industry. Objectives: Identifying chemicals with endocrine disruption potential used in Spanish textile industry to promoting risk prevention in exposed workers. Material and methods: The study includes 65 companies located in seven different Spanish regions and selected through management and trade union organizations agreement. Occupational health technicians from the local trade unions visited participating companies and gathered information about chemicals in use through observation of available labels and safety data sheets and through personal interviews with technicians, safety representatives and workers using standardized questionnaires. Results: Participating companies cover a wide range of typical activities in the textile industry, most of them being medium sized (51-250 workers, n=39). Seventeen different chemicals acting as endocrine disrupters were identified in a variety of jobs, including fibre and tissues elaboration, washing, dyeing and finishing, among other. Conclusions: It would be needed to evaluate the level of exposure to endocrine disruptors in these tasks in order to prioritize necessary preventive actions.</subfield>
   </datafield>
   <datafield ind1="8" ind2=" " tag="024">
      <subfield code="a">Med Segur Trab 2009; Vol.55 Nº 214;111-118</subfield>
   </datafield>
   <datafield ind1="8" ind2=" " tag="024">
      <subfield code="a">10.4321/S0465-546X2009000100010</subfield>
   </datafield>
   <datafield ind1="8" ind2=" " tag="024">
      <subfield code="a">1989-7790</subfield>
   </datafield>
   <datafield ind1="8" ind2=" " tag="024">
      <subfield code="a">0465-546X</subfield>
   </datafield>
   <datafield ind1="8" ind2=" " tag="024">
      <subfield code="a">Medicina y Seguridad del Trabajo</subfield>
   </datafield>
   <datafield ind1="8" ind2=" " tag="024">
      <subfield code="a">http://hdl.handle.net/20.500.12105/11837</subfield>
   </datafield>
   <datafield tag="653" ind2=" " ind1=" ">
      <subfield code="a">Industria textil</subfield>
   </datafield>
   <datafield tag="653" ind2=" " ind1=" ">
      <subfield code="a">Salud Laboral</subfield>
   </datafield>
   <datafield tag="653" ind2=" " ind1=" ">
      <subfield code="a">Disruptores endocrinos</subfield>
   </datafield>
   <datafield tag="653" ind2=" " ind1=" ">
      <subfield code="a">Endocrine disruptors</subfield>
   </datafield>
   <datafield tag="653" ind2=" " ind1=" ">
      <subfield code="a">Textile industry</subfield>
   </datafield>
   <datafield tag="653" ind2=" " ind1=" ">
      <subfield code="a">Occupational Health</subfield>
   </datafield>
   <datafield ind2="0" ind1="0" tag="245">
      <subfield code="a">Disruptores endocrinos utilizados en la industria textil-confección en España</subfield>
   </datafield>
</record></metadata></record></GetRecord></OAI-PMH>